000 00517nam a2200193Ia 4500
005 20250923145103.0
008 008 250917s9999 xx 000 0 eng d
037 _aTextual
040 _aDSWL
_beng
_cDSWL
041 _aeng
_2eng
084 _aSz:f, N67
_qDSWL
245 0 _aMethodology of social science research
_cEd.by Sugata Dasgupta
260 _aNew Delhi
_c1967
300 _aviii,110 p.
365 _aINR
_b16
925 _g16
942 _cTEXL
_hSz:f, N67
999 _c1446918
_d1446918